Objectives and MCQs in Organizational Behaviour (Record no. 96467)

MARC details
000 -LEADER
fixed length control field 00615nam a2200217Ia 4500
005 - DATE AND TIME OF LATEST TRANSACTION
control field 20230429094111.0
008 - FIXED-LENGTH DATA ELEMENTS--GENERAL INFORMATION
fixed length control field 230125s9999 xx 000 0 und d
020 ## - INTERNATIONAL STANDARD BOOK NUMBER
International Standard Book Number 978-93-5367-734-3
041 ## - LANGUAGE CODE
Language code of text/sound track or separate title eng
082 ## - DEWEY DECIMAL CLASSIFICATION NUMBER
Classification number 302.35
Item number PAN
100 ## - MAIN ENTRY--PERSONAL NAME
Author Pandey M (Publisher)
245 ## - TITLE STATEMENT
Title Objectives and MCQs in Organizational Behaviour
250 ## - EDITION STATEMENT
Edition statement 1st. Ed.
260 ## - PUBLICATION, DISTRIBUTION, ETC.
Date of publication, distribution, etc. 2019
Name of publisher, distributor, etc. Himalaya Publishing House
Place of publication, distribution, etc. Mumbai
300 ## - PHYSICAL DESCRIPTION
Extent 367p
500 ## - GENERAL NOTE
Keywords OB;MCQs in Organizational Behaviour<br/>
650 ## - SUBJECT ADDED ENTRY--TOPICAL TERM
Topical term or geographic name entry element OB;MCQs in Organizational Behaviour
700 ## - ADDED ENTRY--PERSONAL NAME
Personal name Pandey M (Publisher)
942 ## - ADDED ENTRY ELEMENTS (KOHA)
Koha item type Books
906 ## - LOCAL DATA ELEMENT F, LDF (RLIN)
b 118.75
Holdings
Withdrawn status Lost status Damaged status Not for loan Home library Current library Date acquired Vendor Net Price Total Checkouts Total Renewals Full call number Barcode Date last seen Date last checked out Actual Price Bill Date Koha item type Original Barcode
        Smt. Hiraben Nanavati Institute of Management & Research for Women Smt. Hiraben Nanavati Institute of Management & Research for Women 23/02/2021 Forward Books 475.00 2 1 302.35 PAN B20472 HIMR-BK-20472 10/12/2025 02/12/2025 356.25 25/01/2023 Books B20472